[Event "New Delhi Skillcraft U1800 op 1st"]
[Site "New Delhi"]
[Date "2025.01.12"]
[Round "7"]
[White "Ekaaksha, Partap Singh Negi"]
[Black "Ojas, Joshi"]
[Result "0-1"]
[WhiteElo "1768"]
[BlackElo "1749"]
[PlyCount "140"]
[EventDate "2025.01.10"]
[EventType "swiss"]
[EventRounds "9"]
[EventCountry "IND"]
[SourceTitle "CB12_2025"]
[SourceDate "2025.03.19"]
[SourceVersion "1"]
[SourceVersionDate "2025.03.19"]
[SourceQuality "1"]

1. e4 c5 2. Nf3 d6 3. d4 cxd4 4. Nxd4 Nf6 5. Nc3 a6 6. Be2 e5 7. Nb3 Be7 8. Be3 Be6 9. 0-0 0-0 10. a4 Nbd7 11. f4 exf4 12. Rxf4 Ne5 13. Nd4 Rc8 14. Nf5 Bxf5 15. Rxf5 Nc4 16. Bxc4 Rxc4 17. Qd3 Qc8 18. a5 Rxe4 19. Raf1 Rg4 20. Bd4 Rg6 21. h4 Nd7 22. h5 Re6 23. Qf3 Ne5 24. Bxe5 Rxe5 25. Nd5 Qe6 26. Qb3 g6 27. hxg6 hxg6 28. Rxe5 dxe5 29. Qxb7 Bc5+ 30. Kh2 Kg7 31. Kg3 Rd8 32. c4 e4 33. Rf6 Qe5+ 34. Kg4 Qh5+ 35. Kf4 Qh4+ 36. g4 Qf2+ 37. Kxe4 Qe2+ 38. Kf4 Qxc4+ 39. Kg3 Qxd5 40. Qxd5 Rxd5 41. Rxa6 Bb4 42. Rb6 Bxa5 43. Rb7 Rd2 44. b3 Rd6 45. Rb5 Bc7 46. Rb7 Rc6+ 47. Kf3 Kf6 48. Ke4 Ke6 49. b4 f5+ 50. gxf5+ gxf5+ 51. Kd3 Bb6 52. Rh7 Ke5 53. Re7+ Kf4 54. Rd7 Kf3 55. Rh7 f4 56. Rf7 Kg3 57. Rg7+ Kf2 58. b5 Rf6 59. Ke4 f3 60. Rh7 Kg2 61. Ke5 Rf8 62. Rg7+ Kf1 63. Kd6 f2 64. Kc6 Be3 65. Re7 Ke2 66. b6 f1Q 67. Kb7 Rf7 68. Ka8 Rxe7 69. b7 Qf8+ 70. b8N Ra7# 0-1

[Event "New Delhi Skillcraft U1800 op 1st"]
[Site "New Delhi"]
[Date "2025.01.11"]
[Round "5"]
[White "Ekaaksha, Partap Singh Negi"]
[Black "Raj, Prakhar"]
[Result "1-0"]
[WhiteElo "1768"]
[BlackElo "1571"]
[PlyCount "45"]
[EventDate "2025.01.10"]
[EventType "swiss"]
[EventRounds "9"]
[EventCountry "IND"]
[SourceTitle "CB12_2025"]
[SourceDate "2025.03.19"]
[SourceVersion "1"]
[SourceVersionDate "2025.03.19"]
[SourceQuality "1"]

1. e4 c6 2. d4 d5 3. Nd2 dxe4 4. Nxe4 Bf5 5. Ng3 Bg6 6. N1e2 e6 7. Nf4 Bd6 8. c3 Qh4 9. Ngh5 Nf6 10. Nxf6+ Qxf6 11. Nxg6 hxg6 12. Be3 Nd7 13. Qd2 Qf5 14. c4 Nf6 15. Bd3 Qg4 16. f3 Qh5 17. 0-0-0 0-0 18. h4 Bc7 19. Bg5 b5 20. g4 Nxg4 21. fxg4 Qxg4 22. Qe3 Rfd8 23. Be2 1-0